[Event "Mumbai Wealth rating op 4th"]
[Site "Mumbai"]
[Date "2018.12.30"]
[Round "1"]
[White "Vishal, Shewale"]
[Black "Dave, Sneh"]
[Result "1-0"]
[WhiteElo "1287"]
[BlackElo "1851"]
[PlyCount "167"]
[EventDate "2018.12.30"]
[EventType "swiss"]
[EventRounds "9"]
[EventCountry "IND"]
[SourceTitle "CBM 188 Extra"]
[Source "ChessBase"]
[SourceDate "2019.02.26"]
[SourceVersion "1"]
[SourceVersionDate "2019.02.26"]
[SourceQuality "1"]

1. e4 e5 2. Nf3 Nc6 3. Bc4 Bc5 4. b4 Bxb4 5. c3 Bd6 6. d4 Nf6 7. Ng5 0-0 8. f4 exd4 9. e5 Bc5 10. exf6 Qxf6 11. Qh5 h6 12. Nxf7 d5 13. Qxd5 Be6 14. Qxc5 Bxf7 15. Qh5 Be6 16. Qc5 Bf7 17. Qh5 Be6 18. Qc5 Bf7 19. 0-0 b6 20. Bxf7+ Rxf7 21. Qc4 Rd8 22. Qc5 Ra8 23. Qc4 Rd8 24. Qc5 Ra8 25. Qc4 Rd8 26. Qd3 Rfd7 27. Qc4+ Rf7 28. Qd3 Rfd7 29. Bb2 Rf7 30. Bc1 Rfd7 31. Bb2 Rf7 32. Bc1 Rfd7 33. Bb2 Kh8 34. Na3 Kg8 35. Nb1 Kh8 36. Na3 Kg8 37. Nb1 Kh8 38. Na3 dxc3 39. Qxc3 Qxc3 40. Bxc3 Rd3 41. Rac1 Nd4 42. Rfe1 c5 43. Nc4 Nb5 44. Bb2 Nd6 45. Bc3 Nb5 46. Bb2 Nd6 47. Re2 Nf5 48. Ne5 Rd1+ 49. Rxd1 Rxd1+ 50. Kf2 h5 51. Nf3 Kg8 52. Rd2 Rb1 53. Ng5 Kf8 54. Ne4 Ke7 55. Nc3 Rh1 56. h3 h4 57. Rd1 Rxd1 58. Nxd1 Ke6 59. Ne3 Ke7 60. Nd1 Ke6 61. Ne3 g6 62. Nxf5 Kxf5 63. Ke3 b5 64. Ba3 b4 65. Bc1 a5 66. Kd3 a4 67. Kc4 Ke4 68. Bd2 Kf5 69. Bc1 Ke4 70. Bd2 b3 71. axb3 axb3 72. Kxb3 Kd3 73. Bc3 Ke2 74. Kc4 Kf2 75. Bf6 Kxg2 76. Bxh4 Kxh3 77. Bg5 Kg2 78. Bh4 Kh3 79. Bg5 Kg4 80. Kxc5 Kf5 81. Kd5 Kg4 82. Ke5 Kh5 83. Kf6 Kg4 84. Kxg6 1-0

[Event "IND-chT 38th"]
[Site "Bhubaneswar"]
[Date "2018.02.08"]
[Round "1.1"]
[White "Dave, Sneh"]
[Black "Gopal, Geetha Narayanan"]
[Result "0-1"]
[WhiteElo "1819"]
[BlackElo "2593"]
[PlyCount "80"]
[EventDate "2018.02.08"]
[EventType "team-swiss"]
[EventRounds "9"]
[EventCountry "IND"]
[SourceTitle "CBM 182 Extra"]
[Source "ChessBase"]
[SourceDate "2018.02.23"]
[SourceVersion "1"]
[SourceVersionDate "2018.02.23"]
[SourceQuality "1"]
[WhiteTeam "Gujarat"]
[BlackTeam "Petroleum Sports"]
[WhiteTeamCountry "IND"]
[BlackTeamCountry "IND"]

1. d4 Nf6 2. c4 g6 3. Nc3 d5 4. Bg5 Ne4 5. Bh4 Nxc3 6. bxc3 dxc4 7. e3 Be6 8. Be2 Nd7 9. d5 Bf5 10. Qd4 Rg8 11. Bxc4 Bg7 12. Qd2 Nb6 13. Bb3 Be4 14. f3 Bxd5 15. Ne2 Qd7 16. 0-0 0-0-0 17. Rfd1 Bxb3 18. Qxd7+ Rxd7 19. Rxd7 Nxd7 20. axb3 a6 21. Kf2 e6 22. Rd1 Nc5 23. b4 Na4 24. Rd3 b5 25. Nd4 Kb7 26. Ne2 Kc8 27. Nd4 Nb2 28. Rd2 Nc4 29. Rd1 Kb7 30. Ne2 Kc6 31. Nd4+ Bxd4 32. Rxd4 a5 33. bxa5 Ra8 34. Be7 Rxa5 35. Rd8 Ra2+ 36. Kg3 Nxe3 37. Bb4 Rxg2+ 38. Kh3 Re2 39. Rf8 f5 40. Rf6 Nd5 0-1

[Event "IND-ch Challengers 55th"]
[Site "Ahmedabad"]
[Date "2017.08.13"]
[Round "1"]
[White "Dave, Sneh"]
[Black "Swapnil, S Dhopade"]
[Result "0-1"]
[WhiteElo "1823"]
[BlackElo "2516"]
[PlyCount "58"]
[EventDate "2017.08.13"]
[EventType "swiss"]
[EventRounds "13"]
[EventCountry "IND"]
[SourceTitle "CBM 180 Extra"]
[Source "ChessBase"]
[SourceDate "2017.10.06"]
[SourceVersion "1"]
[SourceVersionDate "2017.10.06"]
[SourceQuality "1"]

1. d4 Nf6 2. c4 c5 3. d5 b5 4. cxb5 a6 5. b6 e6 6. Qb3 Bb7 7. dxe6 fxe6 8. Nd2 d5 9. e4 Nbd7 10. Qh3 Qxb6 11. Ngf3 Nxe4 12. Nxe4 dxe4 13. Ng5 Bd5 14. Be2 Nf6 15. Bd2 c4 16. Bc3 Bb4 17. Bh5+ Ke7 18. 0-0 g6 19. Be2 Bxc3 20. Qxc3 Rhc8 21. Nxh7 Nxh7 22. Qg7+ Kd6 23. Qxh7 Qxb2 24. Rfe1 Rh8 25. Qf7 Qe5 26. h3 Rhf8 27. Qh7 Qf6 28. Rab1 Qxf2+ 29. Kh1 Rh8 0-1

[Event "Raisoni Memorial op U15"]
[Site "Nagpur"]
[Date "2012.09.17"]
[Round "1"]
[White "Vasantha Ruba, Varman"]
[Black "Dave, Sneh"]
[Result "1-0"]
[WhiteElo "2051"]
[BlackElo "1520"]
[PlyCount "105"]
[EventDate "2012.09.17"]
[EventType "swiss"]
[EventRounds "11"]
[EventCountry "IND"]
[SourceTitle "CBM 150 Extra"]
[Source "ChessBase"]
[SourceDate "2012.10.19"]
[SourceVersion "1"]
[SourceVersionDate "2012.10.19"]
[SourceQuality "1"]

1. Nf3 b6 2. g3 Bb7 3. Bg2 Nf6 4. 0-0 e6 5. c4 Be7 6. Nc3 Ne4 7. Qc2 Nxc3 8. bxc3 c5 9. d4 Nc6 10. Rd1 0-0 11. Bf4 cxd4 12. cxd4 d5 13. Qa4 Na5 14. cxd5 Bxd5 15. Rac1 Rc8 16. Rxc8 Qxc8 17. Rc1 Qa8 18. Ne1 Bxg2 19. Nxg2 Rd8 20. Rc7 Bd6 21. Bxd6 Rxd6 22. Rxa7 Qd8 23. e3 g6 24. Nf4 Qb8 25. Ra6 Rc6 26. d5 Rc5 27. Qd7 e5 28. Ra7 Rc1+ 29. Kg2 Qxa7 30. Qxa7 exf4 31. Qxb6 Nc4 32. Qb8+ Kg7 33. Qxf4 f6 34. d6 Ne5 35. Qd4 Rc8 36. f4 Nf7 37. d7 Rc2+ 38. Kh3 Rxa2 39. d8Q Nxd8 40. Qxd8 Ra7 41. e4 Rf7 42. e5 fxe5 43. fxe5 Rf8 44. Qd7+ Kg8 45. e6 Ra8 46. e7 Kh8 47. Qd4+ Kg8 48. Qd5+ Kg7 49. Qxa8 Kf6 50. Qe4 Kg7 51. e8Q Kh6 52. Qf4+ Kg7 53. Qef8# 1-0